00682 2200229 4500001002100000005001700021008004100038020001800079035002400097082000800121090001500129100002500144245010000169260005000269300002900319500003100348650002500379850001500404985000600419999001500425990001200440YOGYA-0209000003003020090227024437.0 ind  a979-420-134-0 0010-020900000030030 a502 a502bCit T aCITROSUPOMO, Gembong aTaksonomi tumbuhanb(Schizophyta, thallophyta, bryophyta, pteridhophyta)cGembong Tjitrosoepomo aYogyakartabGajah Mada University Perssc1989 axi, 309 hlmbilusc21 cm aBibliografi : hlm. 308-309 aBotani - Klasifikasi aYOPDYOG(B) a1 aP000025217 a25217-P